El nacimiento de Jalisco 1808-1825 : de la lucha por la autonomía a los debates fundamentales /

Guardat en:
Dades bibliogràfiques
Autor principal: Ibarra Pedroza, Enrique (autor)
Altres autors: Alfaro Ramírez, Enrique (presentación) (presentación), Arias de la Mora, Roberto (prólogo) (prólogo)
Format: Llibre
Idioma:espanyol
Publicat: Guadalajara, México : El Colegio de Jalisco, 2022, c2022
Matèries:
Etiquetes: Afegir etiqueta
Sense etiquetes, Sigues el primer a etiquetar aquest registre!

MARC

LEADER 00000nam^a2200000^a^4500
001 000568157
005 20250521000000.0
009 20260310132142.458
020 |a 978-607-8831-12-8 
037 |a Acervo ITESO - Biblioteca 
041 |a ESP 
082 |a 972. 3504  |b IBA 
100 |a Ibarra Pedroza, Enrique  |e (autor) 
245 1 3 |a El nacimiento de Jalisco 1808-1825 :  |b de la lucha por la autonomía a los debates fundamentales /  |c E. Ibarra Pedroza ; presen. de E. Alfaro Ramírez ; pról. de R. Arias de la Mora. 
264 4 |a Guadalajara, México :  |b El Colegio de Jalisco,  |c 2022, c2022 
300 |a 263 p. 
336 |a texto  |b txt  |2 rdacontenido 
337 |a sin mediación  |b n  |2 rdamedio 
338 |a volumen  |b nc  |2 rdasoporte 
649 |a XX 
650 |a Política -  |z Jalisco -  |x Historia -  |y Siglo XIX 
650 |a Guadalajara, Jalisco -  |x Historia -  |y Epoca Colonial, 1517-1821 
650 |a Guadalajara, Jalisco -  |x Historia -  |y Guerra de Independencia, 1810-1821 
650 |a Jalisco -  |x Historia -  |y Regencia e Imperio, 1821-1823 
650 |a Jalisco -  |x Historia -  |y Poder Ejecutivo, 1823-1824 
650 |a Jalisco -  |x Historia -  |y Federalismo y Centralismo, 1824-1853 
650 |a Jalisco -  |x Historia -  |y Siglo XIX -  |x Tema Principal 
650 |a México -  |x Historia -  |y Epoca Colonial, 1517-1821 
650 |a México -  |x Historia -  |y Guerra de Independencia, 1810-1821 
650 |a México -  |x Historia -  |y Regencia e Imperio, 1821-1823 
650 |a México -  |x Historia -  |y Poder Ejecutivo, 1823-1824 
650 |a México -  |x Historia -  |y Federalismo y Centralismo, 1824-1853 
650 |a México -  |x Historia -  |y Siglo XIX 
700 |a Alfaro Ramírez, Enrique  |e (presentación) 
700 |a Arias de la Mora, Roberto  |e (prólogo) 
910 |a Fondo General 
920 |a Impresos - Libros 
930 |a Colección General 
905 |a 101 
901 |a 0500395081  |b IT1  |c ACC  |i C182765  |u 20250521 
902 |a https://opac.biblio.iteso.mx/vufind/Record/000568157